| 000 | 00597nam a22001817a 4500 | ||
|---|---|---|---|
| 003 | CEME | ||
| 005 | 20210628210701.0 | ||
| 008 | 210211b xxu||||| |||| 00| 0 eng d | ||
| 020 | _a81-224-1208-4 | ||
| 040 | _c. | ||
| 082 | _a620.0042 PRO | ||
| 100 |
_aBrowne, Jim _980524 |
||
| 245 | _aProceeding of the workshop on computer aided engineering and design trends and applications in product development and production | ||
| 260 |
_aNEW DELHI _bNEW AGE INTERNATIONAL PUBLISHER _c2000 |
||
| 300 | _aXIV,441P | ||
| 650 |
_aCOMPUTER AIDED ENGINEERING AND DESIGN CAD-CAM _980525 |
||
| 942 |
_cBK _2ddc |
||
| 999 |
_c585448 _d585448 |
||